|
|
|
|
| LEADER |
00893nam a2200241 a 4500 |
| 001 |
12064658 |
| 008 |
100602s2000 nyua 001 0 eng d |
| 010 |
|
|
|a \\\00056628
|
| 020 |
|
|
|a 0071359389
|
| 040 |
|
|
|a DLC
|c DLC
|d DLC
|d BD-DhAAL
|
| 082 |
0 |
0 |
|a 729/.29
|2 21
|
| 245 |
0 |
0 |
|a Architectural acoustics design guide /
|c Acentech ; James Cowan, senior consultant.
|
| 260 |
|
|
|a New York :
|b McGraw-Hill,
|c c2000.
|
| 300 |
|
|
|a xvii, 271 p. :
|b ill. ;
|c 25 cm.
|
| 500 |
|
|
|a "American resources in acoustics": p. 257-263.
|
| 504 |
|
|
|a Includes index.
|
| 541 |
1 |
|
|e 00009247
|
| 650 |
|
0 |
|a Architectural acoustics.
|
| 700 |
1 |
|
|a Cowan, James P.
|
| 710 |
2 |
|
|a Acentech (Firm)
|
| 852 |
4 |
|
|a Ayesha Abed Library
|j General Shelf
|
| 999 |
|
|
|c 8773
|d 8773
|
| 952 |
|
|
|0 0
|1 0
|2 ddc
|4 0
|6 729_290000000000000_ARC_2000
|7 0
|9 10635
|a BRACUL
|b BRACUL
|d 2010-06-03
|l 7
|m 34
|o 729.29 ARC
|p 3010009247
|r 2025-11-19
|s 2019-08-27
|t 1
|w 2010-06-03
|y BK
|